| 000 | 00723nam a22002417a 4500 | ||
|---|---|---|---|
| 003 | UA-OsUOA | ||
| 001 | 76301 | ||
| 007 | ta | ||
| 008 | 20110623b un ||||| |||| 00| 0 ukr d | ||
| 090 |
_a94(430) _bТ45 |
||
| 942 | _cBK | ||
| 040 |
_aUA-OsUOA _brus _cUA-OsUOA _dUA-OsUOA |
||
| 245 |
_aТитмар Мерзебургский. Хроника _bв 8 книгах _cпер. с ла. И.В.Дьяконова |
||
| 300 | _a256 с. | ||
| 955 | _a2 | ||
| 041 | _arus | ||
| 080 | _a94(430) | ||
| 020 | _a978-5-93165-222-1 | ||
| 260 |
_aМ. _bРусская панорама _c2009 |
||
| 250 | _n2-е изд., исправл. | ||
| 650 | 7 |
_a9 Географія. Біографії. Історія _2UDC |
|
| 999 |
_c362604 _d362604 |
||